Normal view MARC view
  • KAKADE, MR. SUJIT S. AND OTHERS

Entry Personal Name

Number of records used in: 1

001 - CONTROL NUMBER

  • control field: 4913

003 - CONTROL NUMBER IDENTIFIER

  • control field: OSt

005 - DATE AND TIME OF LATEST TRANSACTION

  • control field: 20190326111546.0

008 - FIXED-LENGTH DATA ELEMENTS

  • fixed length control field: 190326|| aca||aabn | a|a d

040 ## - CATALOGING SOURCE

  • Original cataloging agency: OSt
  • Transcribing agency: OSt

100 ## - HEADING--PERSONAL NAME

  • Personal name: KAKADE, MR. SUJIT S. AND OTHERS

670 ## - SOURCE DATA FOUND

  • Source citation: Work cat.: (OSt): KAKADE, MR. SUJIT S. AND OTHERS, A BOOK OF DOSAGE FROM DESIGN (SEM-2)